Países menos adelantados ¿una historia olvidada? /

Сохранить в:
Библиографические подробности
Главный автор: Cruz Zamorano, Alma Rosa
Формат: Текст
Предметы:
Метки: Добавить метку
Нет меток, Требуется 1-ая метка записи!

MARC

LEADER 00000 a a2200000 04500
001 3515
003
040
100 |a Cruz Zamorano, Alma Rosa  
245 |a Países menos adelantados ¿una historia olvidada? /  |c Alma Rosa Cruz Zamorano 
650 |a DISTRIBUCION DE LA RIQUEZA  
650 |a PAISES MENOS ADELANTADOS  
650 |a AYUDA AL DESARROLLO  
650 |a POLITICA DE DESARROLLO  
773 |g volumen 51, número 8; páginas 756-761  
999 |c 22106  |d 22106